| 000 | 02160nam0a22003971 4500 | ||
|---|---|---|---|
| 001 | rc\4549335 | ||
| 005 | 20260407082827.0 | ||
| 010 |
_bВ пер. _d1 р. 23 к. _95500 |
||
| 021 |
_aRU _b[66-62791] |
||
| 035 | _a(NLR Aleph) 008640296 | ||
| 090 |
_a8937986 _c8937986 |
||
| 100 | _a20130416d1966 |||y0rusy50 ca | ||
| 101 | 0 | _arus | |
| 102 | _aRU | ||
| 105 | _aa z ||||b | ||
| 200 | 1 |
_aБартоломе де Лас-Касас _eк истории завоевания Америки _e[сборник статей _fред. коллегия: д-р ист. наук И.Р. Григулевич (отв. ред.) и др.] _gАН СССР. Ин-т этнографии им. Н.Н. Миклухо-Маклая |
|
| 210 |
_aМосква _cНаука _d1966 |
||
| 215 |
_a228 с., 1 л. ил. _cил. _d22 |
||
| 320 | _aБиблиогр. обзор и библиогр. / сост. В.Л. Афанасьев: с. 180-227 | ||
| 517 | 1 | _aК истории завоевания Америки | |
| 540 | 1 | _aЛас-Касас Бартоломе де | |
| 600 | 1 |
_aЛас Касас _bБ. де _f1474-1566 _gБартоломе де _92597625 _3RU\NLR\AUTH\661534737 |
|
| 606 |
_aИсториография _yИспания _z16 в. _91221238 _3RU\NLR\AUTH\66496967 |
||
| 606 |
_aКолониальная политика Испании в Латинской Америке _z15-16 вв. _2nlr_sh1 |
||
| 607 |
_aИспания _xКолониальная политика _yЛатинская Америка _z16 в. _9978370 _3RU\NLR\AUTH\6649273 |
||
| 686 | 1 | _aТ3(4Ис)4-69 | |
| 686 | 1 | _aТ3(70)4-5 | |
| 702 | 1 |
_4570 _8rus _7ca _aЛас Касас _bБ. де _f1474-1566 _gБартоломе де _3RU\NLR\AUTH\770132193 _9132159 |
|
| 702 | 1 |
_4340 _8rus _7ca _aГригулевич _bИ. Р. _cд-р ист. наук _f1913-1988 _gИосиф Ромуальдович _3RU\NLR\AUTH\7713732 _9123414 |
|
| 712 | 0 | 2 |
_4650 _aИнститут этнографии им. Н. Н. Миклухо-Маклая _cМосква _3RU\NLR\AUTH\888946 _9290399 |
| 801 | 0 |
_aRU _bNLR _gpsbo |
|
| 801 | 1 |
_aRU _bELAR _2rusmarc |
|
| 852 |
_aNLR _j66-5/4023 |
||
| 942 | _cBOOK | ||
| 980 | _aNB | ||